000 00967nam1a22002531i 4500
001 v19\rc\1618490
005 20260406164755.0
035 _a(NLR Aleph) 004736455
090 _a4472841
_c4472841
100 _a20061002d1900 |||y0rusy50 ca
101 0 _arus
102 _aRU
105 _ay z |||||
200 1 _aЖурнал Городского попечительства...
210 _a[Тула]
_d1900
215 _d17
300 _aЗагл. журн. от 8 июня 1900 г.: "Журнал Городского попечительства о бедных..."
517 0 _aЖурнал Городского попечительства о бедных...
710 0 2 _aТульское гор. попечительство о бедных
_3RU\NLR\AUTH\889936249
_9367324
801 0 _aRU
_bNLR
_gpsbo
801 0 _aRU
_bRuMoRGB
_2psbo
801 1 _aRU
_bProSoft-M
_2rusmarc
852 _aNLR (апр., июнь 1900)
_jШифры разные
942 _cBOOK